Thermochemical properties of inorganic substances /
Guardado en:
| Autor Principal: | |
|---|---|
| Otros Autores: | |
| Formato: | Libro |
| Idioma: | English French German |
| Publicado: |
Berlin :
Springer-Verlag,
1973.
|
| Materias: | |
| Etiquetas: |
Agregar Etiqueta
Sin Etiquetas, Sea el primero en etiquetar este registro!
|
| LEADER | 00923cam a22002655a 4500 | ||
|---|---|---|---|
| 001 | EIQ.libpla001715 | ||
| 008 | 730802s1973####wb#a#####b####000#0#eng#d | ||
| 005 | 20061211173117.0 | ||
| 245 | 1 | 0 | |a Thermochemical properties of inorganic substances / |c [by] I. Barin [and] O. Knacke. With a pref. by O. Kubaschewski. |
| 260 | |a Berlin : |b Springer-Verlag, |c 1973. | ||
| 300 | |a lii, 921 p. : |b il. ; |c 28 cm. | ||
| 500 | |a Introd. en inglés, francés y alemán. | ||
| 504 | |a Bibliografía: p. [l]-lii. | ||
| 020 | |a 0387060537 (New York) | ||
| 100 | 1 | |a Barin, Ihsan. | |
| 700 | 1 | |a Knacke, O. |q (Ottmar), |d 1920- | |
| 082 | 0 | 0 | |a 546 |
| 650 | 4 | |a Termoquímica |x Tablas. | |
| 650 | 4 | |a Química inorgánica |x Tablas. | |
| 650 | 0 | |a Chemistry, Inorganic |x Tables. | |
| 650 | 0 | |a Thermochemistry |x Tables. | |
| 010 | |a 72095058 | ||
| 040 | |a DLC |c DLC |d AR-BbSID | ||
| 041 | 0 | |a eng |a fre |a ger | |
| 859 | |a AR-BbSID |b BIB. PLAPIQUI |h 546 |i B 23 |k R |p 2174 | ||
